LEADER 01045nam0-2200325---450- 001 990005785930403321 005 20090907144410.0 035 $a000578593 035 $aFED01000578593 035 $a(Aleph)000578593FED01 035 $a000578593 100 $a19990604e19681798km-y0itay50------ba 101 0 $ager 102 $aBE 105 $ay-------001yy 200 1 $aEigene Betrachtungen nber die allgemeinsten Grundsätze der Sittenlehre$eEin Anhang zu der Uebersicht der verschiednen Moralsysteme$fvon Christian Garve 210 $aBruxelles$cCulture et Civilisation$d1968 215 $a266 p.$d19 cm 225 1 $aAetas Kantiana$v79 324 $aRipr. facs. dell'ed.: Bresslau : Korn, 1798 610 0 $aEtica 676 $a170 700 1$aGarve,$bChristian$0220422 801 0$aIT$bUNINA$gRICA$2UNIMARC 901 $aBK 912 $a990005785930403321 952 $aP.1 FRM 29$bBIBL. 2518$fFLFBC 959 $aFLFBC 996 $aEigene Betrachtungen nber die allgemeinsten Grundsätze der Sittenlehre$9568882 997 $aUNINA